000 00801cam a22002771 4500
005 20260322212030.0
008 data
010 _a 63006904
020 _a0517025302
020 _a9780517025307
040 _aDLC
_cDLC
_dDLC
041 1 _aeng
_hger
050 1 0 _aQC6
082 0 0 _a530.1
092 _a530.1 E384 1961
100 1 _aEinstein, Albert,
_d1879-1955.
240 1 0 _aÜber die spezielle und die allgemeine Relativitätstheorie.
_lEnglish
245 1 0 _aRelativity:
_bthe special and the general theory; a popular exposition.
_cAlbert Einstein.
250 _a[17th ed.]
260 _aNew York,
_bCrown Publishers
_c[1961]
300 _aix, 164 p.
_bports.
_c21 cm.
490 0 _aBonanza paperback
504 _aBibliography: p. 158-159.
650 0 _aRelativity (Physics)
001 data
999 _c682
_d682